00782cam a22002654a 4500008004100000020002200041020002200063050001600085245008200101250001200183260004600195300003500241500002000276504004100296650002600337650002100363650001900384700002500403700002200428700002100450700001800471003000100489005001700490040000900507  a0198510985 (hbk.) a0198566980 (pbk.)00aR726.8bOXF00aOxford textbook of palliative medicine /cedited by Derek Doyle ... [et al.]. a3rd ed. aOxford :bOxford University Press,c2004. axxv, 1244 p. :bill. ;c29 cm. alncludes index. aIncludes bibliographical references. 0aPalliative treatment.12aPalliative Care.22aPainxtherapy. aKCB Calman, Kenneth. aCherny, Nathan l. aHanks, Geoffrey.1 aDoyle, Derek.20230120204123.0 cNUST